US Cities Ending in... II Quiz Stats

 Plays Quiz Updated Oct 30, 2018

Score 0/30 Timer 08:00
1 Play Today
% Correct
Indianapolis, IN (807,584)
80.3%
Minneapolis, MN (385,542)
70.9%
Long Beach, CA (462,604)
61%
Annapolis, MD (36,879)
57%
Hartford, CT (124,060)
55.7%
Sioux Falls, SD (157,935)
52.5%
Virginia Beach, VA (433,575)
46.6%
Glendale, AZ (252,188)
43.5%
Glendale, CA (196,847)
43.5%
Niagara Falls, NY (51,295)
39.8%
Worcester, MA (182,421)
28.9%
Scottsdale, AZ (238,715)
28.5%
Rochester, NY (207,294)
25.4%
Great Falls, MT (59,366)
24.1%
Manchester, NH (109,395)
23.5%
% Correct
Huntington Beach, CA (193,366)
20.3%
Rockford, IL (157,280)
19.3%
Wichita Falls, TX (101,313)
17.8%
Fort Lauderdale, FL (184,892)
17.7%
Idaho Falls, ID (55,312)
16.8%
West Palm Beach, FL (99,504)
15.4%
Stamford, CT (121,026)
15%
Lancaster, CA (145,776)
13.9%
Palmdale, CA (143,985)
11.4%
Westminster, CO (108,850)
8.9%
Kannapolis, NC (43,404)
8.8%
New Bedford, MA (91,112)
7%
Pompano Beach, FL (102,609)
6.7%
Medford, OR (73,486)
6.5%
Demopolis, AL (7,309)
3.8%

You're not logged in!

Compare scores with friends on all Sporcle quizzes.
OR
Log In

Sporcle TV

Today on Sporcle TV


Watch our educational content, quiz creation guides, and fun videos on Sporcle TV.

Show Comments

Extras

Top Quizzes Today


Score Distribution

Your Account Isn't Verified!

In order to create a playlist on Sporcle, you need to verify the email address you used during registration. Go to your Sporcle Settings to finish the process.

Report this User

Report this user for behavior that violates our Community Guidelines.

Details: